Statistics for Fifa 21 Top 25 CDMs

Click here to take the quiz!

General Stats

  • This quiz has been taken 36 times
  • The average score is 15 of 25

Answer Stats

RatingClubPlayer% Correct
89Real MadridCasemiro
100%
86LiverpoolJordan Henderson
96%
88Bayern MunichJoshua Kimmich
96%
88ChelseaN'Golo Kante
96%
87FC BarcelonaSergio Busquets
96%
87LiverpoolFabinho
89%
85Manchester CityRodri
89%
84Borussia DortmundAxel Witsel
71%
84PSGIdrissa Gueye
71%
84Leicester CityWilfred Ndidi
71%
83Inter MiamiBlaise Matuidi
64%
81Bayern MunichJavi Martinez
57%
84LazioLucas Leiva
54%
83Borussia MonchengladbachDenis Zakaria
50%
81Manchester UnitedFred
50%
84Inter MilanMarcelo Brozovic
50%
82RB LeipzigKonrad Laimer
46%
83Bayer LeverkusenCharles Aranguiz
43%
81AtalantaMarten De Roon
43%
81West Ham UnitedTomas Soucek
43%
82PSGDanilo Pereira
39%
81Borussia DortmundThomas Delaney
39%
83Sevilla FCFernando
36%
80LOSC LilleBenjamin Andre
29%
81Atletico MadridLucas Torreira
25%

Score Distribution

Percentile by Number Answered

Percent of People with Each Score

Your Score History

You have not taken this quiz